| 000 | 01280cam a2200397 a 4500 | ||
|---|---|---|---|
| 999 |
_c680 _d680 |
||
| 001 | 18978187 | ||
| 003 | OSt | ||
| 005 | 20191014151800.0 | ||
| 008 | 160217s2010 enkab j 001 0 eng | ||
| 010 | _a 2015509369 | ||
| 015 |
_aGBB030960 _2bnb |
||
| 016 | 7 |
_a015494618 _2Uk |
|
| 020 |
_a9781407110806 _q(pbk.) |
||
| 020 |
_a1407110802 _q(pbk.) |
||
| 020 |
_a9781407135182 _cbox set |
||
| 035 | _a(OCoLC)ocn528411003 | ||
| 040 |
_aUKM _beng _cUKM _dSINLB _dYDXCP _dOCLCF _dOCLCO _dOCLCQ _dDLC |
||
| 042 | _alccopycat | ||
| 082 | 0 | 4 |
_a551.457 GAN _222 |
| 100 | 1 |
_aGaneri, Anita, _d1961- _eauthor |
|
| 245 | 1 | 0 |
_aCracking coasts / _cAnita Ganeri ; illustrated by Mike Phillips. |
| 260 |
_aLondon ; _aNew York : _bScholastic, _c2010. |
||
| 300 |
_a126 pages : _billustrations, maps ; _c20 cm. |
||
| 336 |
_atext _btxt _2rdacontent |
||
| 337 |
_aunmediated _bn _2rdamedia |
||
| 338 |
_avolume _bnc _2rdacarrier |
||
| 440 | _aHorrible geography. | ||
| 500 | _aIncludes index. | ||
| 500 | _aPrevious edition: 2006. | ||
| 650 | 0 |
_aCoasts _vJuvenile literature. |
|
| 700 | 1 |
_aPhillips, Mike, _d1961- _eIllustrator |
|
| 830 | 0 | _aHorrible geography. | |
| 906 |
_a7 _bcbc _ccopycat _d2 _encip _f20 _gy-gencatlg |
||
| 942 |
_2ddc _cNFIC |
||